000 01213nam a2200277Ia 4500
003 OSt
005 20200901113909.0
008 191128s1999 ck a gr 000 0dspa d
040 _aCO-JMCR
_cCO-JMCR
041 0 _aspa
082 0 4 _a371.3 /
_bP452m
_223
100 1 _aPernett C., José A.,
_eautor
_99549
245 1 0 _aModelos pedagógicos /
_cJosé A. Pernett C, Piedad Ramírez P., Jairo Gómez Esteban
250 _aSegunda edición
260 _aBogotá :
_bUniversidad Autónoma de Colombia. Dirección de postgrados,
_c1999.
300 _aix, 181 páginas :
_bilustraciones a blanco y negro ;
_c24 cm.
504 _aBibliografía : páginas 183.
505 0 _aModelos pedagógicos y ámbitos de la gestión institucional / José A. Pernett C. -- Iniciativa y cratividad en la planeación de actividades relacionadas con los modelos pedagógicos: una experiencia con maestros / Piedad Ramírez Pardo
650 2 4 _aMetodología en pedagogía
_99550
650 2 4 _a Métodos de enseñanza
_99551
650 2 4 _aInnovaciones educativas
_96736
650 2 4 _aConstructivismo
_99552
700 1 _aRamírez P., Piedad,
_eautor
_99553
700 1 _aGómez Esteban, Jairo,
_eautor
_99554
942 _2ddc
_cBK
999 _c3609
_d3609